000 00326nam a2200145Ia 4500
999 _c5879
_d5879
003 OSt
008 191201s2012 xx 000 0 und d
100 _aGUPTA,BL
245 0 _aConcrete Technology
250 _aRep
260 _aN. delhi
_bStandard Publishere
_c2012
300 _a652
650 _aB.Tech(CE)
942 _2ddc
_cBK